000 01397nam0a22002651 4500
001 rc\4720629
005 20130416213138.5
021 _aRU
_bРг5018-60
035 _a(NLR Aleph) 008441483
090 _a9481096
_c9481096
100 _a20130416d1960 |||y0rusy50 ca
101 0 _arus
102 _aRU
105 _aa z |||||
200 1 _aПрактические работы по курсу черчения для учащихся специальностей "Судовые машины и механизмы", "Обработка металлов резанием", "Судокорпусостроение" и "Электрооборудование судов"
_fСовет нар. хозяйства Ленингр. экон. адм. района. Упр. кадров и учеб. заведений. Ленингр. судостроит. техникум. Заоч. отд-ние
210 _aЛенинград
_cРедиздат ЛСТ
_d1960
215 _a104 с.
_cчерт.
_d20
300 _aНа обл. авт. не указан
700 1 _aПугачев
_bА. С.
_gАлександр Сергеевич
712 0 2 _aЛенинградский судостроительный техникум
_bЗаочное отделение
_3RU\NLR\AUTH\889925619
801 0 _aRU
_bNLR
_gpsbo
801 1 _aRU
_bELAR
_2rusmarc
852 _aNLR
_j60-3/2579
942 _cBOOK
980 _aNB